Formaciones y prácticas en terapia familiar

Պահպանված է:
Մատենագիտական մանրամասներ
Հիմնական հեղինակ: Elkaïm, Mony (Հեղինակ)
Ձևաչափ: Գիրք
Լեզու:իսպաներեն
Հրապարակվել է: Buenos Aires Nueva Visión 1988
Խորագրեր:
Ցուցիչներ: Ավելացրեք ցուցիչ
Չկան պիտակներ, Եղեք առաջինը, ով նշում է այս գրառումը!

MARC

LEADER 00000nam a2200000 a 4500
001 UCG1946
003 CL-VaPUC
008 100531e19880000AG |||||||||||||||||spa|d
020 |a 9506021821 
082 0 4 |a 616.89156  |b ELK  |2 21 
100 0 |a Elkaïm, Mony  |e author  |9 550075 
245 1 0 |a Formaciones y prácticas en terapia familiar 
300 |a 205 p 
942 |c BK 
945 |d 20100531 00:00:00  |a dcastane 
260 |a Buenos Aires  |b Nueva Visión  |c 1988 
650 0 |a Terapia familiar  |9 312193 
650 7 |a PSICOTERAPIA  |2 CL-VaPUC  |9 550076 
650 7 |a TRASTORNOS PSICOLOGICOS  |2 CL-VaPUC  |9 459171 
650 7 |a TEORIAS PSICOLOGICAS  |2 CL-VaPUC  |9 455532 
583 |a last modification  |c 20100531 00:00:00  |k Rodrigo Vera 
999 |c 341194  |d 341192 
952 |0 0  |1 0  |4 0  |6 616_891560000000000_ELK_1988  |7 0  |8 A  |9 436530  |a BIBEDU  |b BIBEDU  |d 2019-11-22  |i 4680502  |l 2  |o 616.89156 ELK 1988  |p 4680502  |r 2022-09-28  |s 2022-09-20  |w 2019-11-22  |y BK  |k PSI